You Become What You Think (Record no. 369172)

MARC details
000 -LEADER
fixed length control field 03094 a2200205 4500
003 - CONTROL NUMBER IDENTIFIER
control field OSt
005 - DATE AND TIME OF LATEST TRANSACTION
control field 20251128161818.0
008 - FIXED-LENGTH DATA ELEMENTS--GENERAL INFORMATION
fixed length control field 251128b |||||||| |||| 00| 0 eng d
020 ## - INTERNATIONAL STANDARD BOOK NUMBER
International Standard Book Number 9798892337182
100 ## - MAIN ENTRY--PERSONAL NAME
Personal name Singh S.
9 (RLIN) 215541
245 ## - TITLE STATEMENT
Title You Become What You Think
260 ## - PUBLICATION, DISTRIBUTION, ETC. (IMPRINT)
Name of publisher, distributor, etc. Notion Press
Date of publication, distribution, etc. 2023
300 ## - PHYSICAL DESCRIPTION
Extent 184pp
520 ## - SUMMARY, ETC.
Summary, etc. Insights to Level Up Your Happiness, Personal Growth, Relationships, and Mental Health<br/><br/>This book isn't just about reading—it's about tangible change. With actionable insights, it'll reshape your thinking and empower you to unlock the best version of yourself.<br/><br/>Are you searching for a way to improve your life, increase your happiness, and achieve your full potential? I've been there too. And I found my answer in books. They transformed my life, and they can transform yours too.<br/><br/>"You Become What You Think" is a practical guide to personal growth. Within its pages lie actionable insights that will transform your perspective on life and the world around you. Author Shubham Kumar Singh has carefully crafted this book from his own journey through countless volumes, distilling the most impactful lessons from diverse topics. Each insight is presented in a clear, accessible format, designed for effortless application to your own life.<br/><br/>The primary aim? To enhance your self-awareness and nurture personal growth. It will gift you with a fresh outlook on life and a deeper understanding of your true self.<br/><br/>🌟 Key Benefits Await You:<br/>Elevated Happiness: Discover the keys to unlocking a state of profound happiness that stems from within.<br/><br/>Personal Growth Mastery: Empower yourself with tools and strategies to achieve your full potential.<br/><br/>Enhanced Relationships: Forge deeper connections and build fulfilling relationships in every sphere of life.<br/><br/>Optimized Mental Health: Cultivate a resilient and balanced mind to navigate life's challenges with grace.<br/><br/><br/>🎯 Addressing Your Needs:<br/><br/>Are you seeking a path to a more fulfilling life? Are you yearning for a guide to elevate your mental well-being and relationships? This book is your guide. It addresses the very core of your aspirations, providing invaluable insights that resonate with your deepest desires for growth and happiness.<br/><br/><br/>📚 Why Choose "You Become What You Think"?<br/><br/>Actionable Wisdom: Practical insights you can apply immediately to start transforming your life.<br/><br/>Authentic Voice: Written by Shubham Kumar Singh, a reader and blogger passionate about helping you achieve your best self.<br/><br/>Life-Altering Guidance: A roadmap to unlock your true potential and live a fulfilling, joyful life.<br/><br/>
650 01 - SUBJECT ADDED ENTRY--TOPICAL TERM
Topical term or geographic name as entry element The Mind-Body Connection Thoughts Shape Reality How Beliefs Influence Actions
9 (RLIN) 215564
650 02 - SUBJECT ADDED ENTRY--TOPICAL TERM
Topical term or geographic name as entry element The Subconscious Mind Programming Your Inner World Rewiring Limiting Beliefs
9 (RLIN) 215565
650 03 - SUBJECT ADDED ENTRY--TOPICAL TERM
Topical term or geographic name as entry element Self-Talk and Inner Dialogue The Voice in Your Head Shifting from Criticism to Confidence
9 (RLIN) 215566
650 04 - SUBJECT ADDED ENTRY--TOPICAL TERM
Topical term or geographic name as entry element Visualization and Mental Rehearsal Seeing is Believing Success Stories of Visualization
9 (RLIN) 215567
942 ## - ADDED ENTRY ELEMENTS (KOHA)
Koha item type Books
Source of classification or shelving scheme Dewey Decimal Classification
Holdings
Withdrawn status Lost status Source of classification or shelving scheme Damaged status Not for loan Collection code Home library Current library Date acquired Vendor Cost, normal purchase price Total Checkouts Barcode Date last seen Cost, replacement price Bill Date Koha item type Original Barcode
    Dewey Decimal Classification     BCA MKSSS s K.B. Joshi Institute of Information Technology Library MKSSS s K.B. Joshi Institute of Information Technology Library 27/11/2025 8 224.25   KBJP-BK-2843 27/11/2025 299.00 27/11/2025 Books 2843